Important Philosophers in Ethics - Statistics

General Stats
  • This quiz has been taken 19 times
  • The average score is 10 of 16
Answer Stats
Picture Hint Answer % Correct
Nicomachean Ethics; Eudaimonia Aristotle
100%
master/slave morality Friedrich Nietzsche
100%
"the unexamined life is not worth living" Socrates
100%
Eastern virtue ethics Confucius
93%
Deontology: Categorical Imperative Immanuel Kant
93%
Summa Theologica Thomas Aquinas
87%
Utilitarianism: hedonic calculus Jeremy Bentham
80%
Utilitarianism: On Liberty John Stuart Mill
80%
privatio boni Augustine of Hippo
73%
morality from sentiment (“is–ought problem”) David Hume
73%
Meditations Marcus Aurelius
73%
hedonism: pleasure as absence of pain Epicurus
60%
Stoic ethics Epictetus
20%
doctrine of the Double Effect Philippa Foot
13%
rigorous Utilitarianism: Methods of Ethics Henry Sidgwick
0%
moral pluralism W.D. Ross
0%
No matching quizzes found
Score Distribution
Percent of People with Each Score
Percentile by Number Answered
Your Score History
You have not taken this quiz